书目信息 |
| 题名: |
工程流体力学
|
|
| 作者: | 武桂芝 主编 | |
| 分册: | ||
| 出版信息: | 北京 中国电力出版社 2020.04 |
|
| 页数: | 276页 | |
| 开本: | 26cm | |
| 丛书名: | “十三五”普通高等教育本科规划教材 | |
| 单 册: | ||
| 中图分类: | TB126 | |
| 科图分类: | ||
| 主题词: | 工程力学--gong cheng li xue--流体力学--高等教育--教材 | |
| 电子资源: | ||
| ISBN: | 978-7-5198-4077-8 | |
| 000 | 01086nam 2200265 450 | |
| 001 | 202020140633 | |
| 005 | 20200926181352.0 | |
| 010 | @a978-7-5198-4077-8@dCNY48.00 | |
| 100 | @a20200918d2020 em y0chiy50 ea | |
| 101 | 0 | @achi |
| 102 | @aCN@b110000 | |
| 105 | @aa a 000yy | |
| 106 | @ar | |
| 200 | 1 | @a工程流体力学@Agong cheng liu ti li xue@f主编武桂芝 |
| 210 | @a北京@c中国电力出版社@d2020.04 | |
| 215 | @a276页@c图@d26cm | |
| 225 | 2 | @a“十三五”普通高等教育本科规划教材@A“ shi san wu ” pu tong gao deng jiao yu ben ke gui hua jiao cai |
| 320 | @a有书目 (第276页) | |
| 330 | @a本书共有11章。包括概论, 流体静力学, 流体运动学, 理想流体动力学和平面势流, 实际流体动力学基础, 流动阻力和能量损失, 孔口管嘴管路流动。因次分析和相似原理, 气体射流, 边界层理论基础和绕流运动, 一元气体动力学基础。书末附有习题参考答案。 | |
| 410 | 0 | @12001 @a“十三五”普通高等教育本科规划教材 |
| 606 | 0 | @a工程力学@Agong cheng li xue@x流体力学@x高等教育@j教材 |
| 690 | @aTB126@v5 | |
| 701 | 0 | @a武桂芝@Awu gui zhi@4主编 |
| 801 | 0 | @aCN@c20200515 |
| 905 | @a河南城建学院图书馆@dTB126@eW957 | |
| 工程流体力学/主编武桂芝.-北京:中国电力出版社,2020.04 |
| 276页:图;26cm.-(“十三五”普通高等教育本科规划教材) |
| ISBN 978-7-5198-4077-8:CNY48.00 |
| 本书共有11章。包括概论, 流体静力学, 流体运动学, 理想流体动力学和平面势流, 实际流体动力学基础, 流动阻力和能量损失, 孔口管嘴管路流动。因次分析和相似原理, 气体射流, 边界层理论基础和绕流运动, 一元气体动力学基础。书末附有习题参考答案。 |
| ● |
| 相关链接 |
|
|
|
正题名:工程流体力学
索取号:TB126/W957
 
预约/预借
| 序号 | 登录号 | 条形码 | 馆藏地/架位号 | 状态 | 备注 |
| 1 | 1490833 | 214908331 | 自科库501/501自科库 4排2列2层/ [索取号:TB126/W957] | 在馆 |